Biomedical science practice : (رقم التسجيلة. 26518)

تفاصيل مارك
000 -الفاتح
حقل البيانات ثابتة الطول 02801cam a2200493 a 4500
001 - رقم الضبط
رقم الضبط 17305670
003 - محدد رقم الضبط
رقم الضبط OSt
005 - وقت وتاريخ اخر تعامل مع التسجيلة
رقم الضبط 20150408114105.0
008 - عناصر البيانات ثابتة الطول - معلومات عامة
حقل البيانات ثابتة الطول 120518s2011 enka b 001 0 eng c
010 ## - رقم ضبط مكتبة الكونجرس
رقم ضبط مكتبة الكونجرس 2012397281
015 ## - رقم الببليوجرافية الوطنية
رقم الببليوجرافية الوطنية GBB039121
المصدر bnb
016 7# - رقم ضبط الوكاله الوطنية للضبط الببليوجرافي
رقم ضبط التسجيلة 101549425
المصدر DNLM
016 7# - رقم ضبط الوكاله الوطنية للضبط الببليوجرافي
رقم ضبط التسجيلة 015510597
المصدر Uk
020 ## - الرقم الدولى المعيارى للكتب
الرقم الدولى المعيارى للكتاب 9780199533299 (pbk.)
020 ## - الرقم الدولى المعيارى للكتب
الرقم الدولى المعيارى للكتاب 0199533296 (pbk.)
035 ## - رقم ضبط النظام
رقم ضبط النظام (OCoLC)ocn674642927
040 ## - مصدر الفهرسة
وكالة الفهرسة الأصلية NLM
لغة الفهرسة eng
وكالة النسخ NLM
وكالة التعديل NLE
-- UKM
-- BTCTA
-- YDXCP
-- BWK
-- UAB
-- PGC
-- CHRRO
-- MIX
-- DLC
042 ## - رمز التحقق
رمز التحقق pcc
050 00 - رقم طلب مكتبة الكونجرس
رقم التصنيف RB37.6
رقم المادة .B56 2011
060 00 - رقم الطلب بالمكتبة الطبية الوطنية
رقم التصنيف 2010 M-674
060 10 - رقم الطلب بالمكتبة الطبية الوطنية
رقم التصنيف QY 25
072 #7 - رمز الفئه الموضوعية
رمز فئه الموضوع s1me
المصدر rero
082 00 - رقم تصنيف ديوى العشرى
رقم التصنيف 616.07068
رقم الطبعة 23
رقم المادة BIS
245 00 - بيان العنوان
العنوان Biomedical science practice :
بقية العنوان experimental and professional skills /
بيان المسئوليه,etc edited by Hedley Glencross, Nessar Ahmed, Qiuyu Wang.
260 ## - PUBLICATION, DISTRIBUTION, ETC. (IMPRINT)
مكان الناشر او الموزع Oxford ;
-- New York :
اسم الناشر او الموزع Oxford University Press,
تاريخ النشر أو التوزيع c2011.
300 ## - الوصف المادى
التعداد xx, 573 p. :
تفاصيل ماديه اخرى للوعاء col. ill. ;
أبعاد الوعاء 25 cm.
490 1# - بيان السلسلة
عنوان السلسلة Fundamentals of biomedical science
504 ## - تبصرة ببليوجرافية
تبصرة ببليوجرافية,الخ Includes bibliographical references and index.
505 0# - تبصرة محتويات-الفهرس
تبصرة المحتويات المصاغة Biomedical science and biomedical scientists / Hedley Glencross -- Fitness to practice / Hedley Glencross -- Communication in laboratory medicine / Georgina Lavender -- Health and safety / Alison Taylor -- Statistics and handling data / Andrew Blann -- Preparing and measuring reagents / Ian Graham -- Samples and sample collection / Joyce Overfield -- Microscopy / Tony Sims -- Electrochemistry / Peter Robinson -- Radioactivity and radiation / John Gaffney and Mark Slevin -- Spectroscopy / Qiuyu Wang ... [et al.] -- Centrifugation / Qiuyu Wang, Nessar Ahmed, and Chris Smith -- Chromatography / Qiuyu Wang, Nessar Ahmed, and Chris Smith -- Electrophoresis / Qiuyu Wang, Nessar Ahmed, and Chris Smith -- Immunological techniques / Christine Yates -- Molecular biology techniques / Qiuyu Wang, Nessar Ahmed, and Chris Smith -- Laboratory automation / Tim James -- Point of care testing / Jan Still and Lynda Petley -- Quality assurance and management / Elaine Moore -- Personal development / Georgina Lavender.
650 #0 - المدخل الاضافى بالموضوع-مصطلح موضوعى
مصطلح موضوعي أو اسم جغرافي كعنصر مدخل Pathology
التقسيم الفرعي العام Practice.
9 (RLIN) 18613
650 #0 - المدخل الاضافى بالموضوع-مصطلح موضوعى
مصطلح موضوعي أو اسم جغرافي كعنصر مدخل Medical sciences.
650 #0 - المدخل الاضافى بالموضوع-مصطلح موضوعى
مصطلح موضوعي أو اسم جغرافي كعنصر مدخل Diagnosis, Laboratory
التقسيم الفرعي العام Methodology.
9 (RLIN) 18614
650 12 - المدخل الاضافى بالموضوع-مصطلح موضوعى
مصطلح موضوعي أو اسم جغرافي كعنصر مدخل Pathology, Clinical
التقسيم الفرعي العام methods.
9 (RLIN) 18615
650 12 - المدخل الاضافى بالموضوع-مصطلح موضوعى
مصطلح موضوعي أو اسم جغرافي كعنصر مدخل Professional Competence.
9 (RLIN) 18616
650 22 - المدخل الاضافى بالموضوع-مصطلح موضوعى
مصطلح موضوعي أو اسم جغرافي كعنصر مدخل Clinical Laboratory Techniques
التقسيم الفرعي العام methods.
9 (RLIN) 18617
650 22 - المدخل الاضافى بالموضوع-مصطلح موضوعى
مصطلح موضوعي أو اسم جغرافي كعنصر مدخل Clinical Laboratory Techniques.
9 (RLIN) 6026
700 1# - المدخل الاضافى - اسم شخصى
الإسم الشخصى Glencross, Hedley.
9 (RLIN) 18618
700 1# - المدخل الاضافى - اسم شخصى
الإسم الشخصى Ahmed, Nessar.
9 (RLIN) 18619
700 1# - المدخل الاضافى - اسم شخصى
الإسم الشخصى Wang, Qiuyu.
9 (RLIN) 18620
830 #0 - المدخل الاضافى بالسلسلة -عنوان موحد
عنوان موحد Fundamentals of biomedical science.
9 (RLIN) 18621
906 ## - عنصر بيانات محلى F, LDF (RLIN)
a 7
b cbc
c pccadap
d 2
e ncip
f 20
g y-gencatlg
942 ## - عناصر المدخل الإضافي( كوها)
مصدر التصنيف او مخطط الترفيف Dewey Decimal Classification
Koha [default] item type DVD
المقتنيات
حالة الفقد نموذج السعر الفعال حالة تلف ليس للاعارة رقم الطلب تاريخ الاكتساب الموقع الحالي الباركود الفرع الرئيسي Date last seen نوع المادة فى نظام كوها مصدر التصنيف او خطة الترفيف Total Checkouts
  2013-03-10     616.07068 BIS 2012-12-26 المكتبة المركزية بالمجمعة (CL) 00400854 المكتبة المركزية بالمجمعة (CL) 2013-03-10 كتاب Dewey Decimal Classification  
  2013-03-10     616.07068 BIS 2012-12-26 المكتبة المركزية بالمجمعة (CL) 00400852 المكتبة المركزية بالمجمعة (CL) 2013-03-10 كتاب Dewey Decimal Classification  
  2013-03-10     616.07068 BIS 2012-12-26 المكتبة المركزية بالمجمعة (CL) 00400851 المكتبة المركزية بالمجمعة (CL) 2013-03-10 كتاب Dewey Decimal Classification